[Collection of photographs of Knole, Kent] (Record no. 116557)

MARC details
000 -LEADER
fixed length control field 00484ckc a22001935a 4500
001 - CONTROL NUMBER
control field L141034
008 - FIXED-LENGTH DATA ELEMENTS--GENERAL INFORMATION
fixed length control field 071025n xxk eng u
035 ## - SYSTEM CONTROL NUMBER
System control number (Sirsi) u141034
041 0# - LANGUAGE CODE
Language code of text/sound track or separate title eng
110 2# - MAIN ENTRY--CORPORATE NAME
Corporate name or jurisdiction name as entry element Times Newspapers Limited
9 (RLIN) 255
245 01 - TITLE STATEMENT
Title [Collection of photographs of Knole, Kent]
Medium [graphic]
260 ## - PUBLICATION, DISTRIBUTION, ETC.
Date of publication, distribution, etc. n.d.
300 ## - PHYSICAL DESCRIPTION
Extent 2 photographs
Other physical details +w
Dimensions 17 x 22 cm.
340 ## - PHYSICAL MEDIUM
Material base and configuration Photograph
351 ## - ORGANIZATION AND ARRANGEMENT OF MATERIALS
Hierarchical level Fonds
651 4# - SUBJECT ADDED ENTRY--GEOGRAPHIC NAME
Geographic name Kent
690 ## - LOCAL SUBJECT ADDED ENTRY--TOPICAL TERM (OCLC, RLIN)
Topical term or geographic name as entry element BUILT ENVIRONMENT
942 ## - ADDED ENTRY ELEMENTS (KOHA)
Suppress in OPAC 0
Holdings
Withdrawn status Lost status Source of classification or shelving scheme Damaged status Not for loan Home library Current library Shelving location Date acquired Total Checkouts Full call number Barcode Date last seen Copy number Price effective from Koha item type
    Dewey Decimal Classification     Historic collection Historic collection Historic collection 25/10/2007   MAP CABINET DRAWER 2 141034-2001 06/08/2019 1 06/08/2019 Archive